000 00740nam a2200253Ia 4500
003 OSt
005 20220928104425.0
006 a|||||r|||| 00| 0
007 ta
008 220927b |||||||| |||| 00| 0 eng d
020 _c550
024 _a106079
037 _b1145, 10/03/2010, Kiran Book Service
_cTextual
040 _aSDCL
_cSDCL
_beng
041 _2eng
_aeng
082 _aWxL12w,1, P9.1-2
100 _aDheer Yugank Tr.
_9410363
245 0 _aRuso ki atmkatha 2 Volume set
260 _aMeerut
_bSamvad Prakashan
_c2009
300 _a282p
_ccm.
650 _aHindi
_9391598
942 _hWxL12w,1, P9.1-2
_cTEXL
_2CC
999 _c725980
_d725980